Environmental systems (Record no. 62765)

MARC details
000 -LEADER
fixed length control field 00822nam a2200169 a 4500
008 - FIXED-LENGTH DATA ELEMENTS--GENERAL INFORMATION
fixed length control field 120416s1978 ||||||||||||||||| || u
050 ## - LIBRARY OF CONGRESS CALL NUMBER
Classification number TD 194.6 Ben
100 ## - MAIN ENTRY--PERSONAL NAME
Personal name Bennett, R. J
245 10 - TITLE STATEMENT
Title Environmental systems
246 ## -
-- philosophy, analysis and control
260 ## - PUBLICATION, DISTRIBUTION, ETC.
Place of publication, distribution, etc. London
Name of publisher, distributor, etc. Methuen
Date of publication, distribution, etc. 1978
300 ## - PHYSICAL DESCRIPTION
Extent xii, 624p. : ill.
350 ## -
-- 0.00
995 ## -
-- MAIN LIBRARY OPEN ACCESS
-- 0.00
-- 706225
-- CBU-MAIN LIBRARY (Kitwe)
-- 1
-- 0.00
-- TD 194.6 Ben
-- AVAILABLE
-- 015656
-- Main Library Open Access Collection
995 ## -
-- MAIN LIBRARY OPEN ACCESS
-- 0.00
-- 015657
-- CBU-MAIN LIBRARY (Kitwe)
-- 3
-- 0.00
-- TD 194.6 Ben
-- LOST
-- 015657
-- Main Library Open Access Collection
995 ## -
-- MAIN LIBRARY OPEN ACCESS
-- 0.00
-- 705310
-- CBU-MAIN LIBRARY (Kitwe)
-- 2
-- 0.00
-- TD 194.6 Ben
-- AVAILABLE
-- 015658
-- Main Library Open Access Collection
999 ## -
-- 62765
-- 62765
Holdings
Withdrawn status Lost status Source of classification or shelving scheme Damaged status Not for loan Permanent Location Current Location Shelving location Date acquired Total Checkouts Full call number Barcode Date last seen Price effective from Koha item type
          CBU-MAIN LIBRARY, KITWE. CBU-MAIN LIBRARY, KITWE.   12/16/2022   TD 194.6 Ben 015656 12/16/2022 12/16/2022 MONOGRAPH
          CBU-MAIN LIBRARY, KITWE. CBU-MAIN LIBRARY, KITWE.   12/16/2022   TD 194.6 Ben 015657 12/16/2022 12/16/2022 MONOGRAPH
          CBU-MAIN LIBRARY, KITWE. CBU-MAIN LIBRARY, KITWE.   12/16/2022   TD 194.6 Ben 015658 12/16/2022 12/16/2022 MONOGRAPH